|
|
|
|
| LEADER |
02895pam a2200577 a 4500 |
| 001 |
AALScienceDirectebook000006 |
| 003 |
BD-DhAAL |
| 005 |
20191205133940.0 |
| 006 |
m o d |
| 007 |
cr |n||||||||| |
| 008 |
161026s2017 enk ob 001 0 eng d |
| 999 |
|
|
|c 41951
|d 41951
|
| 020 |
|
|
|a 0128037539
|
| 020 |
|
|
|a 9780128037539
|
| 020 |
|
|
|z 0128037520
|
| 020 |
|
|
|z 9780128037522
|
| 035 |
|
|
|a (OCoLC)961251627
|z (OCoLC)961308245
|z (OCoLC)962816108
|z (OCoLC)966566305
|z (OCoLC)967760879
|z (OCoLC)1058408599
|z (OCoLC)1105178280
|z (OCoLC)1105570282
|
| 040 |
|
|
|a BD-DhAAL
|
| 050 |
|
4 |
|a RM301.35
|b .K46 2017
|
| 072 |
|
7 |
|a MED
|x 023000
|2 bisacsh
|
| 072 |
|
7 |
|a MED
|x 058170
|2 bisacsh
|
| 072 |
|
7 |
|a MED
|x 071000
|2 bisacsh
|
| 072 |
|
7 |
|a MED
|x 072000
|2 bisacsh
|
| 082 |
0 |
4 |
|a 615.1
|2 23
|
| 100 |
1 |
|
|a Kenakin, Terry P.,
|e author.
|9 38011
|
| 245 |
1 |
0 |
|a Pharmacology in drug discovery and development :
|b understanding drug response /
|c Terry P. Kenakin.
|h [electronic resource]
|
| 250 |
|
|
|a Second edition.
|
| 260 |
|
|
|a London :
|b Elsevier,
|c [2017]
|
| 260 |
|
4 |
|c �2017
|
| 300 |
|
|
|a 1 online resource
|
| 500 |
|
|
|a <strong>Off-Campus Access:</strong> Athens ID and Password Required
|
| 500 |
|
|
|a <strong>On-Campus Access:</strong> No User ID or Password Required
|
| 504 |
|
|
|a Includes bibliographical references and index.
|
| 505 |
0 |
|
|a 1. Pharmacology: The Chemical Control of Physiology 2. The Process of Drug Discovery: Application of Pharmacological Principles 3. Drug Affinity and Efficacy 4. Predicting Agonist Effect 5. Drug Antagonism: Orthosteric Drug Effects 6. Allosteric Drug Effects 7. New Drug Screening 8. Enzymes as Drug Targets 9. Pharmacokinetics I: Permeation and Metabolism 10. Pharmacokinetics II: Distribution and Multiple Dosing 11. In Vivo Pharmacology 12. Safety Pharmacology Appendix -- Answers to Chapter Questions Derivations and Proofs
|
| 506 |
|
|
|a Electronic access restricted to authorized BRAC University faculty, staff and students
|
| 538 |
|
|
|a Mode of access: Internet
|
| 650 |
|
0 |
|a Developmental pharmacology.
|9 38012
|
| 650 |
|
0 |
|a Drug development.
|9 38013
|
| 650 |
|
0 |
|a Pharmacology.
|9 38014
|
| 650 |
|
7 |
|a Developmental pharmacology.
|2 fast
|9 38012
|
| 650 |
|
7 |
|a Drug development.
|2 fast
|9 38013
|
| 650 |
|
7 |
|a MEDICAL
|x Drug Guides.
|2 bisacsh
|9 38015
|
| 650 |
|
7 |
|a MEDICAL
|x Nursing
|x Pharmacology.
|2 bisacsh
|9 38016
|
| 650 |
|
7 |
|a MEDICAL
|x Pharmacology.
|2 bisacsh
|9 38017
|
| 650 |
|
7 |
|a MEDICAL
|x Pharmacy.
|2 bisacsh
|9 38018
|
| 650 |
|
7 |
|a Pharmacology.
|2 fast
|9 38014
|
| 655 |
|
4 |
|a Electronic books.
|9 38019
|
| 776 |
0 |
8 |
|i Print version:
|z 9780128037522
|z 0128037520
|w (OCoLC)950450105
|
| 856 |
4 |
0 |
|z Full text available on ScienceDirect
|u http://www.sciencedirect.com/science/book/9780128037522
|
| 942 |
|
|
|2 ddc
|c EBK
|
| 952 |
|
|
|0 0
|1 0
|2 ddc
|4 0
|6 615_100000000000000_KEN
|7 0
|9 67374
|a BRACUL
|b BRACUL
|d 2019-12-05
|l 0
|o 615.1 KEN
|r 2019-12-05
|w 2019-12-05
|y EBK
|